<?xml version="1.0" encoding="UTF-8"?>
<record
    xmlns:xsi="http://www.w3.org/2001/XMLSchema-instance"
    xsi:schemaLocation="http://www.loc.gov/MARC21/slim http://www.loc.gov/standards/marcxml/schema/MARC21slim.xsd"
    xmlns="http://www.loc.gov/MARC21/slim">

  <leader>00883nam a22001817a 4500</leader>
  <controlfield tag="005">20220530153236.0</controlfield>
  <controlfield tag="008">eng </controlfield>
  <datafield tag="020" ind1=" " ind2=" ">
    <subfield code="a">9780620653848</subfield>
    <subfield code="q">PAPERBACK</subfield>
  </datafield>
  <datafield tag="040" ind1=" " ind2=" ">
    <subfield code="a">RDA</subfield>
    <subfield code="c">3228</subfield>
  </datafield>
  <datafield tag="082" ind1=" " ind2=" ">
    <subfield code="2">FIRST EDITION</subfield>
    <subfield code="a">968.004963987 HIST</subfield>
    <subfield code="b">1</subfield>
  </datafield>
  <datafield tag="100" ind1=" " ind2=" ">
    <subfield code="a">MATSEBULA,JS</subfield>
    <subfield code="9">138222</subfield>
  </datafield>
  <datafield tag="245" ind1=" " ind2=" ">
    <subfield code="a">THE HISTORY OF EMASWATI IN SOUTH AFRICA</subfield>
    <subfield code="c">MATSEBULA,JS</subfield>
    <subfield code="h">ENGLISH</subfield>
  </datafield>
  <datafield tag="260" ind1=" " ind2=" ">
    <subfield code="a">BARBERTON</subfield>
    <subfield code="b">MBOKODO PUBLISHERS</subfield>
    <subfield code="c">2016</subfield>
  </datafield>
  <datafield tag="300" ind1=" " ind2=" ">
    <subfield code="a">336 PAGES</subfield>
    <subfield code="b">COLOUR ILLUSTRATIONS AND DETAILED REFERENCES</subfield>
    <subfield code="c">21 cm</subfield>
  </datafield>
  <datafield tag="504" ind1=" " ind2=" ">
    <subfield code="a">Part II Migration -- Part III Arrival in Swaziland -- Part IV Establishing territory and royal residences in South Africa -- Part V Establishing Imiphakatsi, Royal residences in Mpumalanga -- Part VI Imposed boundaries divide the nation into South Africa and Swaziland -- Part VII First Imiphakatsi, Royal residences along Nkhomati River.</subfield>
  </datafield>
  <datafield tag="521" ind1=" " ind2=" ">
    <subfield code="a">ADULT NON-FICTION</subfield>
  </datafield>
  <datafield tag="942" ind1=" " ind2=" ">
    <subfield code="2">ddc</subfield>
    <subfield code="c">BK</subfield>
    <subfield code="w">160</subfield>
    <subfield code="x">Obi Chimezie</subfield>
    <subfield code="y">160</subfield>
    <subfield code="z">Obi Chimezie</subfield>
  </datafield>
  <datafield tag="999" ind1=" " ind2=" ">
    <subfield code="c">658583</subfield>
    <subfield code="d">658582</subfield>
  </datafield>
  <datafield tag="952" ind1=" " ind2=" ">
    <subfield code="0">0</subfield>
    <subfield code="1">0</subfield>
    <subfield code="2">ddc</subfield>
    <subfield code="4">0</subfield>
    <subfield code="7">0</subfield>
    <subfield code="8">900</subfield>
    <subfield code="a">MBOMRL</subfield>
    <subfield code="b">LOWSL</subfield>
    <subfield code="c">GEN</subfield>
    <subfield code="d">2022-05-30</subfield>
    <subfield code="g">633.33</subfield>
    <subfield code="o">FIRST EDITION 968.000901 -05 MATS</subfield>
    <subfield code="p">33228031036038</subfield>
    <subfield code="r">2022-05-30</subfield>
    <subfield code="w">2022-05-30</subfield>
    <subfield code="y">BK</subfield>
  </datafield>
  <datafield tag="952" ind1=" " ind2=" ">
    <subfield code="0">0</subfield>
    <subfield code="1">0</subfield>
    <subfield code="2">ddc</subfield>
    <subfield code="4">0</subfield>
    <subfield code="7">0</subfield>
    <subfield code="8">900</subfield>
    <subfield code="a">MBOMRL</subfield>
    <subfield code="b">MATSL</subfield>
    <subfield code="c">GEN</subfield>
    <subfield code="d">2022-06-13</subfield>
    <subfield code="g">633.33</subfield>
    <subfield code="l">0</subfield>
    <subfield code="o">FIRST EDITION 968.000901 -05 MATS</subfield>
    <subfield code="p">33228031126085</subfield>
    <subfield code="r">2022-06-13</subfield>
    <subfield code="w">2022-06-13</subfield>
    <subfield code="y">BK</subfield>
  </datafield>
  <datafield tag="952" ind1=" " ind2=" ">
    <subfield code="0">0</subfield>
    <subfield code="1">0</subfield>
    <subfield code="2">ddc</subfield>
    <subfield code="4">0</subfield>
    <subfield code="7">0</subfield>
    <subfield code="8">900</subfield>
    <subfield code="a">MBOMRL</subfield>
    <subfield code="b">EMTFL</subfield>
    <subfield code="c">GEN</subfield>
    <subfield code="d">2025-05-13</subfield>
    <subfield code="g">633.33</subfield>
    <subfield code="o"> 968.004963987 HIST </subfield>
    <subfield code="p">33228031024040</subfield>
    <subfield code="r">2025-05-13</subfield>
    <subfield code="w">2025-05-13</subfield>
    <subfield code="y">BK</subfield>
  </datafield>
  <datafield tag="952" ind1=" " ind2=" ">
    <subfield code="0">0</subfield>
    <subfield code="1">0</subfield>
    <subfield code="2">ddc</subfield>
    <subfield code="4">0</subfield>
    <subfield code="7">0</subfield>
    <subfield code="a">RIVEL</subfield>
    <subfield code="b">RIVEL</subfield>
    <subfield code="d">2026-02-02</subfield>
    <subfield code="l">0</subfield>
    <subfield code="o">FIRST EDITION 968.004963987 HIST 1</subfield>
    <subfield code="p">33228031011271</subfield>
    <subfield code="r">2026-02-02</subfield>
    <subfield code="w">2026-02-02</subfield>
    <subfield code="y">BK</subfield>
  </datafield>
</record>
